000 01045naa a2200277 c 4500
001 40709
003 ES-MaCES
005 20130603140600.0
008 100930n2010 sp t 000 | spa d
035 _aCES20100010472v
040 _aES-MaCES
_bspa
_cES-MaCES
245 0 0 _aSucesión de convenios colectivos y derechos de los trabajadores
_b: supresión de complemento de pensión/(I) (Comentario a la STEDH de 2 de febrero de 2010)
650 4 _aTribunal de Justicia CE
_929490
650 4 _asentencia judicial
_929888
650 4 _atribunal del trabajo
_927164
650 4 _aconvenio de seguridad social
_930151
650 4 _alegislación del trabajo
_927166
650 4 _ajubilación
_928360
650 4 _arégimen de pensión
_927042
650 4 _atrabajador
_928414
653 1 0 _aJurisprudencia
773 0 _tActualidad laboral
_gn. 13 (1ª quinc. jul. 2010){10002 R. 077333}; p. 1550-1555
_w(ES-MaCES)25022
_929315
902 _aART Artículo de revista
942 _2CES
_cAR
_h6.2.
999 _c40709
_d40709